000
00265nam a2200085Ia 4500
008
220120s9999||||xx |||||||||||||| ||und||
100
_a
Subramanya Naik
_9
12174
245
0
_a
Cellphone based garage door controll
260
_a
Coorg Institute of Technology
_b
Ponnampet
_c
2009
999
_c
137760
_d
137760